00202nam a22000857a 4500082001400000100002100014245003200035260004000067300000900107 a547.2 BRE aBreslow, Ronald  aOrganic Reaction Mechanisms aNew York:bW.A.Benjamin INC,c1966. a232p